Managing public access (Record no. 104337)
[ view plain ]
| 000 -LEADER | |
|---|---|
| fixed length control field | 01083cam a2200205 4500 |
| 001 - CONTROL NUMBER | |
| control field | L130055 |
| 008 - FIXED-LENGTH DATA ELEMENTS--GENERAL INFORMATION | |
| fixed length control field | 050617n2005 000 0 eng u |
| 035 ## - SYSTEM CONTROL NUMBER | |
| System control number | (Sirsi) u130055 |
| 041 ## - LANGUAGE CODE | |
| Language code of text/sound track or separate title | eng |
| 050 ## - LIBRARY OF CONGRESS CALL NUMBER | |
| Classification number | 333.7 |
| -- | 18 |
| 110 ## - MAIN ENTRY--CORPORATE NAME | |
| Corporate name or jurisdiction name as entry element | Countryside Agency |
| 9 (RLIN) | 3740 |
| 245 ## - TITLE STATEMENT | |
| Title | Managing public access |
| Remainder of title | a guide for land managers |
| 260 ## - PUBLICATION, DISTRIBUTION, ETC. | |
| Date of publication, distribution, etc. | 2005 |
| 300 ## - PHYSICAL DESCRIPTION | |
| Extent | 84p. |
| 520 ## - SUMMARY, ETC. | |
| Summary, etc. | This guide is intended to help landowners, managers and their advisors to understand the law on public rights of way and countryside access management. Covers: public rights of access; public rights of way; access for disabled people; access payment schemes and other agreements; provision for sports and other formal activities; public safety and liability; and access issues and solutions. Further information. Glossary. |
| 590 ## - LOCAL NOTE (RLIN) | |
| Local note | IKA210605 |
| 690 ## - LOCAL SUBJECT ADDED ENTRY--TOPICAL TERM (OCLC, RLIN) | |
| Topical term or geographic name as entry element | PROPERTY-RURAL AND NATURAL ASSETS-RURAL AND NATURAL ASSET MANAGEMENT-LAND MANAGEMENT |
| 856 ## - ELECTRONIC LOCATION AND ACCESS | |
| Uniform Resource Identifier | <a href="https://naturalengland.etraderstores.com/NaturalEnglandShop/CA210">https://naturalengland.etraderstores.com/NaturalEnglandShop/CA210</a> |
| Public note | View the guide free of charge at www.naturalengland.org.uk |
| 942 ## - ADDED ENTRY ELEMENTS (KOHA) | |
| Suppress in OPAC | 0 |
| Withdrawn status | Lost status | Source of classification or shelving scheme | Damaged status | Not for loan | Home library | Current library | Shelving location | Date acquired | Total Checkouts | Full call number | Barcode | Date last seen | Copy number | Price effective from | Koha item type |
|---|---|---|---|---|---|---|---|---|---|---|---|---|---|---|---|
| Dewey Decimal Classification | Virtual | Virtual | Online | 17/06/2005 | ONLINE PUBLICATION | 130055-2001 | 06/08/2019 | 1 | 06/08/2019 | Book |